Statistics for Bobs Burgers Characters

Click here to take the quiz!

General Stats

  • This quiz has been taken 713 times
  • The average score is 10 of 14

Answer Stats

HintAnswer% Correct
Resturant Owner/Father (Belcher Family)Bob
100%
Daughter- Bunny Ears (Belcher Family)Tina
97%
Daughter- Glasses (Belcher Family)Louise
92%
Mother (Belcher Family)Linda
90%
Son (Belcher Family)Gene
90%
Rival Resturant OwnerJimmy Pesto
88%
MorticianMort
82%
Rival Resturant SonJimmy Jr
80%
Pesto Twin #1Andy
73%
Pesto Twin #2Ollie
72%
Family FriendTeddy
72%
School CounselorMr. Frond
48%
Food CriticHugo
29%
LandlordMr. Fischoeder
25%

Score Distribution

Percentile by Number Answered

Percent of People with Each Score

Your Score History

You have not taken this quiz